Inazuma Eleven- Les techniques d'esprits guerriers - Statistiques

Statistiques générales
  • Ce quiz a été pris 13 fois
  • Le résultat moyen est 11 sur 27
Statistiques - réponses
Nom de la technique Esprit guerrier + Joueur % Correct
Direct de pégase Archi pégase le cheval des dieux + Arion Sherwind
100%
Harmonie atomique Maestro Virtuoso + Riccardo Di Rigo
100%
Botte de Lancelot Lancelot le spadassin héroïque + Victor Blade
91%
Coup de soleil Apollon dieu du soleil + Sol Daystar
82%
L'Attaque d'Athéna Athéna déesse de la guerre + Beta
82%
Main magique Atlas protecteur de la terre + JP Lapin
82%
Souffle de l'aube Astral dragon de l'aube + Bailong
73%
Chemin de glace Chione reine des neiges + Njord Snio
64%
Sentence irrévocable Fléau Obscur seigneur des ténèbres + Tezcat
64%
Lance de chasseur Jaguar guerrier préhistorique + Sor
64%
Main du grand génie Majin le grand génie + Mark Evans
64%
Le coup du samouraï Musashi le samourai vaillant + Ryoma Nishiki
55%
Fièvre de lune Sir lapin chevalier supersonique + Fei Rune
36%
Flèche de l'aube Amaterasu magicienne de l'aurore + Goldie lemmon
27%
Tempête du dragon Drake le chevalier dragon + Dracon Yale
27%
Ronces noires Garas maîtresse des illusions + Harold Houdini
27%
Ailes de faucon Faucon de tonnerre surnaturel + Zaphod Riker
18%
Giga geyser Atlanticus bête des abysses + Feduhm
9%
Tirage chanceux Dédé le roi des dés + Abram Cadabra
9%
Bouclier géant Goliath le géant + Aum Nirvana
9%
Boîte à surprises Grand magicien trickster + Maxim Millenium
9%
Attaque coup de coeur Les amoureux esprits unis par le destin + Mehr
9%
Défense de marionnettes Lova déesse explosive + Chitoh
9%
Tempête de feu Surt géant du feu + Cronus Fourseasons
9%
Giga presse sandwich Gargantua géant de métal + Ringo Saturn
0%
Trident torpille des mers Neptune seigneur des mers + Triton Neptune
0%
Vitesse supersonique Superstrato guerrier hypersonique + Dakkar Nemo
0%
Aucun quiz correspondant
Distribution des résultats
% des personnes avec chaque résultat
Percentile par nombre de réponses
Votre historique - résultats
Vous n’avez pas pris ce quiz